[Event "European Senior Teams Chess Championshi"]
[Site "Rogaska Slatina"]
[Date "2012.03.28"]
[Round "2.5"]
[White "James, Geoffrey H"]
[Black "Vucenovic, Dragomir"]
[Result "0-1"]
[WhiteElo "2215"]
[BlackElo "2260"]
[PlyCount "84"]
[EventDate "2012.03.27"]
[WhiteTeam "ENG 1"]
[BlackTeam "SUI"]

1. c4 e5 2. g3 Nf6 3. Bg2 d5 4. cxd5 Nxd5 5. Nc3 Nb6 6. Nf3 Nc6 7. O-O Be7 8.
d3 O-O 9. Be3 Be6 10. Na4 Nd5 11. Bc5 Bd6 12. Qd2 Nb6 13. Bxd6 Qxd6 14. Nc3
Rad8 15. Ne4 Qe7 16. Rfc1 f5 17. Nc5 Nc4 18. Rxc4 Bxc4 19. Nxb7 Rd7 20. Na5
Nxa5 21. Qxa5 Bd5 22. Rc1 c6 23. Nd2 e4 24. Nc4 exd3 25. exd3 Bxg2 26. Kxg2
Rxd3 27. Re1 Qd8 28. Re5 Rd5 29. Qxa7 Rxe5 30. Nxe5 Qd5+ 31. Nf3 g5 32. Qd4 g4
33. Qxd5+ cxd5 34. Nd4 f4 35. f3 fxg3 36. Kxg3 gxf3 37. Nxf3 Kg7 38. Nd4 Kf6
39. b4 Ke5 40. Nc6+ Kd6 41. Nd4 Ra8 42. a3 Rxa3+ 0-1

[Event "European Senior Teams Chess Championshi"]
[Site "Rogaska Slatina"]
[Date "2012.03.28"]
[Round "2.5"]
[White "Bhend, Edwin"]
[Black "Norman, Kenneth I"]
[Result "1-0"]
[WhiteElo "2241"]
[BlackElo "2175"]
[PlyCount "77"]
[EventDate "2012.03.27"]
[WhiteTeam "SUI"]
[BlackTeam "ENG 1"]

1. d4 Nf6 2. Nf3 g6 3. b3 Bg7 4. Bb2 c5 5. e3 cxd4 6. exd4 d5 7. Be2 O-O 8. O-O
Nc6 9. Ne5 Be6 10. Nd3 Qc7 11. Na3 Nd7 12. c3 Rad8 13. Nc2 f6 14. Ne3 Bf7 15.
Bf3 Nb6 16. a4 a5 17. g3 e5 18. Bg2 e4 19. Nf4 f5 20. Nh3 Bh6 21. f4 Qd7 22.
Qe2 Bg7 23. Rad1 h6 24. Ba3 Rfe8 25. g4 Kh7 26. Nf2 Be6 27. gxf5 gxf5 28. Nh1
Qf7 29. Ng3 Bf8 30. Bb2 Bg7 31. Bh3 Ne7 32. Kh1 Nbc8 33. Rc1 Nd6 34. Ba3 Bh8
35. c4 dxc4 36. d5 Nxd5 37. Nxd5 Bxd5 38. Bxd6 Rxd6 39. Bxf5+ 1-0

[Event "European Senior Teams Chess Championshi"]
[Site "Rogaska Slatina"]
[Date "2012.03.28"]
[Round "2.5"]
[White "Yeo, Michael J"]
[Black "Hohler, Peter"]
[Result "1/2-1/2"]
[WhiteElo "2135"]
[BlackElo "2197"]
[PlyCount "54"]
[EventDate "2012.03.27"]
[WhiteTeam "ENG 1"]
[BlackTeam "SUI"]

1. e4 e5 2. Nf3 Nc6 3. Bc4 Bc5 4. c3 Nf6 5. d3 d6 6. b4 Bb6 7. a4 a6 8. Nbd2
O-O 9. O-O Ne7 10. Bb3 Ng6 11. Nc4 Ba7 12. Be3 Bxe3 13. Nxe3 h6 14. Re1 Be6 15.
Bc2 Nh7 16. d4 Ng5 17. Nf5 Nxf3+ 18. Qxf3 Kh8 19. Rad1 Qf6 20. Re3 Rad8 21. Qg3
Qg5 22. Ree1 Qxg3 23. hxg3 Rfe8 24. g4 f6 25. g3 Ne7 26. d5 Bd7 27. f4 Kh7
1/2-1/2

[Event "European Senior Teams Chess Championshi"]
[Site "Rogaska Slatina"]
[Date "2012.03.28"]
[Round "2.7"]
[White "Ager, Josef"]
[Black "Donchenko, Anatoly"]
[Result "0-1"]
[WhiteElo "2195"]
[BlackElo "2376"]
[PlyCount "104"]
[EventDate "2012.03.27"]
[WhiteTeam "AUT - NIEDEROSTERREICH"]
[BlackTeam "GER - HESSEN"]

1. Nf3 Nf6 2. c4 e6 3. g3 d5 4. Bg2 dxc4 5. Qa4+ Nbd7 6. Qxc4 c5 7. O-O b6 8.
Nc3 Bb7 9. d4 a6 10. dxc5 Bxc5 11. b4 Be7 12. Bb2 Rc8 13. Qd4 O-O 14. Rfd1 Qc7
15. a3 Rfd8 16. h3 b5 17. Qe3 Nb6 18. Rxd8+ Rxd8 19. Nd2 Bxg2 20. Kxg2 h6 21.
Rc1 Qb7+ 22. Kg1 Rc8 23. Ncb1 Rxc1+ 24. Bxc1 Nfd5 25. Qd3 Na4 26. Nb3 Qc7 27.
e4 Ndb6 28. Be3 Nc4 29. Bd4 Qd7 30. Qc2 e5 31. Ba1 Qxh3 32. N3d2 Nab6 33. Qd3
Qc8 34. Nf3 f6 35. Kg2 Qd7 36. Qe2 Qc6 37. Nh4 Nd6 38. Nc3 Bf8 39. Kh2 g5 40.
Ng6 Qe8 41. Nxf8 Kxf8 42. f4 exf4 43. gxf4 Nbc4 44. a4 bxa4 45. e5 fxe5 46.
fxg5 hxg5 47. Ne4 Nxe4 48. Qxe4 Qf7 49. Qa8+ Kg7 50. Qxa6 Qf2+ 51. Kh1 Qe1+ 52.
Kh2 Qxb4 0-1

[Event "European Senior Teams Chess Championshi"]
[Site "Rogaska Slatina"]
[Date "2012.03.28"]
[Round "2.8"]
[White "Ghijsen, Pim"]
[Black "Saunina, Ludmila"]
[Result "1/2-1/2"]
[WhiteElo "2191"]
[BlackElo "2300"]
[PlyCount "43"]
[EventDate "2012.03.27"]
[WhiteTeam "NED - VAS"]
[BlackTeam "RUS 2"]

1. d4 Nf6 2. Nf3 e6 3. Bf4 c5 4. c3 b6 5. e3 Bb7 6. Nbd2 Be7 7. h3 d6 8. Be2
Nbd7 9. O-O O-O 10. Nc4 Ne4 11. Ncd2 Nxd2 12. Qxd2 Nf6 13. dxc5 dxc5 14. Rfd1
Qd5 15. Qxd5 Bxd5 16. Ne5 Rfd8 17. Bb5 a6 18. Be2 Kf8 19. Nc4 Bxc4 20. Bxc4 b5
21. Be2 Nd5 22. Be5 1/2-1/2

[Event "European Senior Teams Chess Championshi"]
[Site "Rogaska Slatina"]
[Date "2012.03.28"]
[Round "2.8"]
[White "Fatalibekova, Elena"]
[Black "Van Oosten, Arend"]
[Result "1-0"]
[WhiteElo "2276"]
[BlackElo "2186"]
[PlyCount "45"]
[EventDate "2012.03.27"]
[WhiteTeam "RUS 2"]
[BlackTeam "NED - VAS"]

1. Nf3 e6 2. e4 d5 3. e5 c5 4. c3 Nc6 5. d4 cxd4 6. cxd4 Qb6 7. Nc3 Bd7 8. a3
h5 9. Na4 Qc7 10. Bd3 Nh6 11. Bxh6 Rxh6 12. O-O Be7 13. h4 f6 14. Rc1 Kf7 15.
b4 a6 16. Nc5 Rg8 17. Re1 Bc8 18. Qd2 Qd8 19. exf6 Bxf6 20. Ng5+ Bxg5 21. hxg5
Rhh8 22. Qf4+ Ke7 23. Nxe6 1-0

[Event "European Senior Teams Chess Championshi"]
[Site "Rogaska Slatina"]
[Date "2012.03.28"]
[Round "2.8"]
[White "Van Dongen, Rob"]
[Black "Titorenko, Natalia I"]
[Result "1/2-1/2"]
[WhiteElo "1968"]
[BlackElo "2139"]
[PlyCount "83"]
[EventDate "2012.03.27"]
[WhiteTeam "NED - VAS"]
[BlackTeam "RUS 2"]

1. d4 d6 2. Nf3 g6 3. c4 Bg7 4. Nc3 Nd7 5. e4 e5 6. Be3 Ngf6 7. dxe5 dxe5 8. h3
O-O 9. Be2 c6 10. Qc2 Qe7 11. Rd1 h6 12. O-O Re8 13. a3 a5 14. Qd2 Nc5 15. Qc2
Nfd7 16. b4 axb4 17. axb4 Na6 18. b5 Nac5 19. Ra1 Rxa1 20. Rxa1 Ne6 21. Qd2
Ndc5 22. Ra7 Rd8 23. Qc1 Nb3 24. Qb1 Nbd4 25. bxc6 Nxc6 26. Ra8 Ned4 27. Bd1
Qc5 28. Ne1 Ne7 29. Na4 Qc7 30. Qb6 Ne6 31. Bg4 f5 32. exf5 gxf5 33. Bd1 Rd6
34. Qb5 Kh7 35. c5 Rd8 36. Be2 Nd4 37. Bxd4 Rxd4 38. Nf3 Bd7 39. Qb3 Bxa4 40.
Rxa4 Rxa4 41. Qxa4 Qxc5 42. Qb3 1/2-1/2

[Event "European Senior Teams Chess Championshi"]
[Site "Rogaska Slatina"]
[Date "2012.03.28"]
[Round "2.9"]
[White "Ashby, Anthony C"]
[Black "Westerinen, Heikki M J"]
[Result "0-1"]
[WhiteElo "2129"]
[BlackElo "2325"]
[PlyCount "84"]
[EventDate "2012.03.27"]
[WhiteTeam "ENG 2"]
[BlackTeam "FIN 1"]

1. e4 e6 2. d4 d5 3. Nc3 Bb4 4. Nge2 dxe4 5. a3 Be7 6. Nxe4 Nf6 7. N2c3 Nc6 8.
Be3 O-O 9. Ng5 h6 10. Nf3 Nd5 11. Nxd5 exd5 12. Qd2 Bf5 13. Be2 Re8 14. O-O Bd6
15. b3 Be4 16. c4 a6 17. c5 Be7 18. b4 Bf6 19. Rfd1 Re6 20. Ne1 Ne7 21. Bg4 Bf5
22. Bf3 Ng6 23. g3 Qd7 24. Ng2 Re7 25. Nf4 Nxf4 26. Bxf4 Rae8 27. Re1 Be4 28.
Bxe4 Rxe4 29. Rxe4 Rxe4 30. Be3 Qg4 31. Rd1 Qf3 32. a4 g5 33. b5 axb5 34. axb5
c6 35. bxc6 bxc6 36. Rb1 Kg7 37. Qd1 Rxe3 38. fxe3 Qxe3+ 39. Kg2 Qe4+ 40. Kh3
h5 41. g4 hxg4+ 42. Kg3 Bxd4 0-1

[Event "European Senior Teams Chess Championshi"]
[Site "Rogaska Slatina"]
[Date "2012.03.28"]
[Round "2.9"]
[White "Kanko, Ilkka"]
[Black "Habershon, Paul F"]
[Result "1-0"]
[WhiteElo "2250"]
[BlackElo "2122"]
[PlyCount "71"]
[EventDate "2012.03.27"]
[WhiteTeam "FIN 1"]
[BlackTeam "ENG 2"]

1. d4 Nf6 2. c4 c5 3. d5 e6 4. Nc3 exd5 5. cxd5 d6 6. e4 g6 7. Nf3 Bg7 8. h3
O-O 9. Bd3 b6 10. O-O Ba6 11. Bf4 Bxd3 12. Qxd3 a6 13. a4 Nh5 14. Bh2 Bh6 15.
Ne2 f6 16. Nd2 Bxd2 17. Qxd2 Qe7 18. Nc3 Nd7 19. Rab1 Rac8 20. Qe2 c4 21. Qe3
Nc5 22. Qd4 Rfe8 23. g4 Ng7 24. Rfe1 Nd3 25. Re3 Qd8 26. b3 Nb4 27. Re2 Qc7 28.
bxc4 Qxc4 29. Rxb4 Qxd4 30. Rxd4 Rxc3 31. Bxd6 Rxh3 32. Bc7 Rc8 33. Rc2 Rb3 34.
d6 Ne6 35. d7 Rxc7 36. Rxc7 1-0

[Event "European Senior Teams Chess Championshi"]
[Site "Rogaska Slatina"]
[Date "2012.03.28"]
[Round "2.9"]
[White "Morant, Paul"]
[Black "Reuben, Stewart"]
[Result "1-0"]
[WhiteElo "2167"]
[BlackElo "2115"]
[PlyCount "53"]
[EventDate "2012.03.27"]
[WhiteTeam "FIN 1"]
[BlackTeam "ENG 2"]

1. e4 c5 2. Nf3 g6 3. d4 Bg7 4. c3 Qc7 5. Na3 d6 6. Bf4 Nf6 7. e5 Nh5 8. exd6
exd6 9. Qe2+ Be6 10. Nb5 Qd7 11. Bxd6 cxd4 12. Ne5 d3 13. Nxd7 dxe2 14. Nxb8
exf1=Q+ 15. Rxf1 Rxb8 16. Bxb8 O-O 17. Bd6 Rd8 18. O-O-O Bc4 19. Be7 Re8 20.
Nd6 Bxf1 21. Nxe8 Bh6+ 22. Kc2 Bxg2 23. Rd8 f5 24. Nc7+ Kg7 25. Bf8+ Kf6 26.
Bxh6 Ke7 27. Bg5+ 1-0

[Event "European Senior Teams Chess Championshi"]
[Site "Rogaska Slatina"]
[Date "2012.03.28"]
[Round "2.10"]
[White "Malmdin, Nils-Ake"]
[Black "Biller, Helmut Dr"]
[Result "1-0"]
[WhiteElo "2306"]
[BlackElo "2103"]
[PlyCount "57"]
[EventDate "2012.03.27"]
[WhiteTeam "SWE 1"]
[BlackTeam "GER - OBERULSEL"]

1. e4 d6 2. d4 Nf6 3. Nc3 g6 4. f4 Bg7 5. Nf3 O-O 6. a3 Bg4 7. h3 Bxf3 8. Qxf3
Nc6 9. Be3 e5 10. fxe5 dxe5 11. d5 Nd4 12. Qf2 Re8 13. Bd3 Nd7 14. O-O-O Qf6
15. Qd2 c5 16. dxc6 bxc6 17. Bc4 Nb6 18. Ba2 Rad8 19. Qe1 Rd7 20. h4 h6 21. Rf1
Qd6 22. Qf2 Rf8 23. Qg3 Kh8 24. Qe1 Qc5 25. Rd2 Nc4 26. b4 Nxc2 27. Bxc5 Rxd2
28. Qxd2 Nxd2 29. Kxd2 1-0

[Event "European Senior Teams Chess Championshi"]
[Site "Rogaska Slatina"]
[Date "2012.03.28"]
[Round "2.10"]
[White "Falk, Thomas"]
[Black "Wahlbom, Magnus"]
[Result "1/2-1/2"]
[WhiteElo "2132"]
[BlackElo "2291"]
[PlyCount "46"]
[EventDate "2012.03.27"]
[WhiteTeam "GER - OBERULSEL"]
[BlackTeam "SWE 1"]

1. Nf3 Nf6 2. c4 e6 3. Nc3 c5 4. d4 cxd4 5. Nxd4 Bb4 6. g3 Ne4 7. Qc2 Qa5 8.
Ndb5 Nxc3 9. Nxc3 Nc6 10. Bd2 Nd4 11. Qd1 Qa6 12. a3 Be7 13. Be3 Nf5 14. Bf4
Qc6 15. e4 Nd6 16. Qd3 f6 17. Rd1 Nf7 18. Bc1 O-O 19. f4 Rd8 20. Bg2 b6 21. O-O
Bb7 22. Rd2 Rac8 23. b3 a6 1/2-1/2

[Event "European Senior Teams Chess Championshi"]
[Site "Rogaska Slatina"]
[Date "2012.03.28"]
[Round "2.10"]
[White "Escher, Helmut"]
[Black "Nyberg, Ulf"]
[Result "1/2-1/2"]
[WhiteElo "2120"]
[BlackElo "2140"]
[PlyCount "64"]
[EventDate "2012.03.27"]
[WhiteTeam "GER - OBERULSEL"]
[BlackTeam "SWE 1"]

1. Nf3 d6 2. e4 Nf6 3. Nc3 c5 4. d4 cxd4 5. Nxd4 g6 6. Be2 Bg7 7. Be3 Nc6 8.
Nxc6 bxc6 9. Qd2 O-O 10. O-O Qa5 11. Bh6 Bxh6 12. Qxh6 Rb8 13. Rab1 Be6 14. a3
Rb7 15. Qe3 Rfb8 16. Nd1 d5 17. Bf3 Qb6 18. Qxb6 Rxb6 19. exd5 cxd5 20. c3 Ne4
21. Bxe4 dxe4 22. b4 Bc4 23. Re1 f5 24. Nb2 Bb3 25. f3 Kf7 26. Nd1 Bxd1 27.
Rbxd1 R8b7 28. fxe4 f4 29. Rd5 Ra6 30. Rf1 Rxa3 31. Rxf4+ Ke6 32. Rc5 a5
1/2-1/2

[Event "European Senior Teams Chess Championshi"]
[Site "Rogaska Slatina"]
[Date "2012.03.28"]
[Round "2.11"]
[White "Jones, Iolo C"]
[Black "Sloth, Jorn"]
[Result "0-1"]
[WhiteElo "2246"]
[BlackElo "2351"]
[PlyCount "66"]
[EventDate "2012.03.27"]
[WhiteTeam "WLS"]
[BlackTeam "DEN 1"]

1. d4 e6 2. Nf3 c5 3. c4 cxd4 4. Nxd4 Nf6 5. Nc3 Bb4 6. Bd2 Nc6 7. Nf3 O-O 8.
a3 Be7 9. e3 b6 10. Be2 Bb7 11. O-O Rc8 12. Rc1 Na5 13. Nb5 a6 14. Bxa5 axb5
15. Be1 bxc4 16. Rxc4 Rxc4 17. Bxc4 Qc7 18. Bd3 Ng4 19. g3 f5 20. Nd4 Rf6 21.
h3 Rh6 22. h4 Rxh4 23. f3 Nxe3 24. Qe2 Rxd4 25. Qxe3 Bc5 26. Kg2 Qd6 27. Bb5 f4
28. Qe2 Rd5 29. g4 Be3 30. Bb4 Qc7 31. Rh1 Rxb5 32. Qxb5 Qc2+ 33. Kh3 Qf2 0-1

[Event "European Senior Teams Chess Championshi"]
[Site "Rogaska Slatina"]
[Date "2012.03.28"]
[Round "2.11"]
[White "Sorensen, Bent"]
[Black "Thornton, John D"]
[Result "1-0"]
[WhiteElo "2312"]
[BlackElo "2036"]
[PlyCount "41"]
[EventDate "2012.03.27"]
[WhiteTeam "DEN 1"]
[BlackTeam "WLS"]

1. Nf3 f5 2. b4 Nf6 3. Bb2 e6 4. a3 b6 5. e3 Bb7 6. Be2 c5 7. b5 d5 8. O-O Bd6
9. Ne5 O-O 10. f4 Nbd7 11. d4 a6 12. a4 a5 13. Nd2 Rc8 14. c4 Ne4 15. Nxe4 fxe4
16. Bg4 Bxe5 17. Bxe6+ Kh8 18. dxe5 d4 19. exd4 Qe8 20. d5 Rd8 21. f5 1-0

[Event "European Senior Teams Chess Championshi"]
[Site "Rogaska Slatina"]
[Date "2012.03.28"]
[Round "2.11"]
[White "Miles, Richard"]
[Black "Rosenlund, Thorbjorn"]
[Result "1/2-1/2"]
[WhiteElo "2083"]
[BlackElo "2286"]
[PlyCount "99"]
[EventDate "2012.03.27"]
[WhiteTeam "WLS"]
[BlackTeam "DEN 1"]

1. d4 g6 2. e4 c6 3. Nf3 d5 4. exd5 cxd5 5. Bd3 Bg7 6. O-O Nc6 7. c3 Nf6 8. Re1
O-O 9. h3 Bf5 10. Bxf5 gxf5 11. Bf4 Ne4 12. Nbd2 e6 13. Qb3 Na5 14. Qa4 a6 15.
Nxe4 fxe4 16. Nd2 Nc6 17. Qd1 Ne7 18. Bg5 f6 19. Be3 f5 20. Bg5 Bf6 21. Bh6 Rf7
22. f3 Kh8 23. fxe4 fxe4 24. Qh5 Qg8 25. Nf1 Nf5 26. Ne3 Nxh6 27. Qxh6 Bg5 28.
Qh5 Bxe3+ 29. Rxe3 Rf5 30. Qh4 Raf8 31. Rae1 Rf4 32. Qg3 Qxg3 33. Rxg3 Rf2 34.
Rb1 Rc2 35. a4 Rff2 36. b4 Rb2 37. Rf1 Rxf1+ 38. Kxf1 b6 39. Rg5 Rc2 40. Re5
Rxc3 41. Rxe6 Rc4 42. Rxb6 Rxd4 43. a5 Rc4 44. b5 axb5 45. a6 Ra4 46. Rxb5 d4
47. Re5 d3 48. Ke1 Rxa6 49. Rxe4 Ra1+ 50. Kd2 1/2-1/2

[Event "European Senior Teams Chess Championshi"]
[Site "Rogaska Slatina"]
[Date "2012.03.28"]
[Round "2.11"]
[White "Kolbak, Jens"]
[Black "Gilbert, Colin"]
[Result "1/2-1/2"]
[WhiteElo "2278"]
[BlackElo "1795"]
[PlyCount "54"]
[EventDate "2012.03.27"]
[WhiteTeam "DEN 1"]
[BlackTeam "WLS"]

1. c4 Nf6 2. Nc3 c5 3. Nf3 Nc6 4. g3 g6 5. Bg2 Bg7 6. O-O O-O 7. d3 d6 8. Rb1
Bd7 9. a3 Rb8 10. b4 Ne8 11. Bd2 b6 12. e3 e6 13. Qe2 Qc8 14. Rfc1 e5 15. Nd5
Qd8 16. Bc3 Ne7 17. Nd2 Nxd5 18. Bxd5 Nf6 19. Bg2 Qc7 20. Ne4 Nxe4 21. Bxe4 Bc6
22. Bd5 Bxd5 23. cxd5 f5 24. e4 f4 25. f3 h5 26. Kg2 Bh6 27. Bd2 Kh7 1/2-1/2

[Event "European Senior Teams Chess Championshi"]
[Site "Rogaska Slatina"]
[Date "2012.03.28"]
[Round "2.12"]
[White "Van Herck, Marcel"]
[Black "Krebs, Dietmar"]
[Result "0-1"]
[WhiteElo "2097"]
[BlackElo "2114"]
[PlyCount "62"]
[EventDate "2012.03.27"]
[WhiteTeam "BEL"]
[BlackTeam "GER - MATTADORE"]

1. e4 c5 2. Nf3 d6 3. d4 cxd4 4. Nxd4 Nf6 5. Nc3 a6 6. Bg5 e6 7. Qe2 h6 8. Be3
Be7 9. O-O-O Qc7 10. f3 Nbd7 11. g4 b5 12. h4 Bb7 13. Bh3 Nc5 14. g5 Nfd7 15.
b4 Na4 16. Nxa4 bxa4 17. g6 Nf8 18. gxf7+ Kxf7 19. h5 Bf6 20. Qd3 Rc8 21. Kd2
d5 22. exd5 Bxd5 23. Bg4 Nd7 24. Qg6+ Ke7 25. f4 Qc3+ 26. Ke2 Nf8 27. Nf5+ exf5
28. Qxf5 Be6 29. Qe4 Qxc2+ 30. Qxc2 Rxc2+ 31. Kd3 Rc3+ 0-1

[Event "European Senior Teams Chess Championshi"]
[Site "Rogaska Slatina"]
[Date "2012.03.28"]
[Round "2.12"]
[White "Schrickx, Frank"]
[Black "Neumann, Horst"]
[Result "1-0"]
[WhiteElo "1874"]
[BlackElo "1937"]
[PlyCount "80"]
[EventDate "2012.03.27"]
[WhiteTeam "BEL"]
[BlackTeam "GER - MATTADORE"]

1. e4 c6 2. d4 d5 3. Nc3 dxe4 4. Nxe4 Bf5 5. Ng3 Bg6 6. h4 h6 7. h5 Bh7 8. Nf3
e6 9. Bd3 Bxd3 10. Qxd3 Nf6 11. Bd2 Bd6 12. Ne4 Nxe4 13. Qxe4 Nd7 14. O-O-O Nf6
15. Qd3 Qc7 16. Kb1 O-O-O 17. c4 Kb8 18. Bc3 Qe7 19. Qe2 Rhf8 20. Ne5 Nd7 21.
Nxd7+ Rxd7 22. Rhe1 Bc7 23. Qg4 Qg5 24. Qxg5 hxg5 25. g4 Rfd8 26. Kc2 Rg8 27.
f3 Bf4 28. Rh1 b5 29. b3 Kb7 30. a4 a6 31. Rhe1 Kb6 32. axb5 axb5 33. Ra1 Ra7
34. Rxa7 Kxa7 35. Bb4 Kb7 36. Ra1 Ra8 37. Rxa8 Kxa8 38. Bf8 bxc4 39. bxc4 f5
40. Bxg7 fxg4 1-0

[Event "European Senior Teams Chess Championshi"]
[Site "Rogaska Slatina"]
[Date "2012.03.28"]
[Round "2.13"]
[White "Dickhoff, Ronald"]
[Black "Danner, Georg"]
[Result "1/2-1/2"]
[WhiteElo "2144"]
[BlackElo "2402"]
[PlyCount "63"]
[EventDate "2012.03.27"]
[WhiteTeam "NED - DIS.DIS."]
[BlackTeam "AUT 1"]

1. d4 Nf6 2. c4 e6 3. Nf3 Nc6 4. a3 d5 5. e3 Be7 6. Nc3 O-O 7. Qc2 a6 8. b4 Bd7
9. Bb2 dxc4 10. Bxc4 b5 11. Bd3 a5 12. Nxb5 axb4 13. O-O bxa3 14. Bxa3 Bxa3 15.
Rxa3 Nb4 16. Qb2 Nxd3 17. Rxd3 Rb8 18. Rb3 Bc6 19. Ne5 Bd5 20. Rb4 Qe7 21. Rc1
Rfc8 22. Na7 Rxb4 23. Nxc8 Qf8 24. Qa3 c5 25. Nd3 Rb3 26. Qxc5 Qxc5 27. Nxc5
Rb2 28. Ne7+ Kf8 29. Nxd5 Nxd5 30. g3 g5 31. g4 Kg7 32. Na4 1/2-1/2

[Event "European Senior Teams Chess Championshi"]
[Site "Rogaska Slatina"]
[Date "2012.03.28"]
[Round "2.13"]
[White "Hoelzl, Franz"]
[Black "Ahlers, Ben"]
[Result "0-1"]
[WhiteElo "2336"]
[BlackElo "2116"]
[PlyCount "62"]
[EventDate "2012.03.27"]
[WhiteTeam "AUT 1"]
[BlackTeam "NED - DIS.DIS."]

1. c4 Nf6 2. Nc3 g6 3. e4 d6 4. d4 Bg7 5. Bd3 e5 6. d5 O-O 7. h3 Nbd7 8. Nf3
Nh5 9. Bc2 a6 10. Bg5 f6 11. Be3 Qe8 12. Ba4 Qe7 13. O-O f5 14. exf5 gxf5 15.
Bxd7 Bxd7 16. Nxe5 dxe5 17. Qxh5 f4 18. Bd2 Rf5 19. Qf3 Kh8 20. Ne4 Rg8 21. Kh2
Be8 22. Qd3 Rh5 23. f3 Bf8 24. Rg1 Bd7 25. Bc3 Qh4 26. Qf1 Rg3 27. Rh1 Bxh3 28.
Kg1 Rhg5 29. Bxe5+ Rxe5 30. Qf2 Rxe4 31. fxe4 Rxg2+ 0-1

[Event "European Senior Teams Chess Championshi"]
[Site "Rogaska Slatina"]
[Date "2012.03.28"]
[Round "2.13"]
[White "Lindner, Jan-Joost"]
[Black "Wittmann, Walter"]
[Result "1-0"]
[WhiteElo "2150"]
[BlackElo "2286"]
[PlyCount "57"]
[EventDate "2012.03.27"]
[WhiteTeam "NED - DIS.DIS."]
[BlackTeam "AUT 1"]

1. f4 d5 2. Nf3 g6 3. e3 Bg7 4. Be2 Nf6 5. d3 O-O 6. O-O c5 7. Qe1 Nc6 8. Nc3
a6 9. e4 Nd4 10. Bd1 b6 11. e5 Ne8 12. Nxd4 cxd4 13. Ne2 f6 14. Nxd4 fxe5 15.
fxe5 Rxf1+ 16. Kxf1 Nc7 17. Bf3 Qd7 18. c3 Bb7 19. Kg1 Rf8 20. Qg3 Nb5 21. Bg5
Nxd4 22. cxd4 Qa4 23. Qh4 Qb5 24. Bxe7 Qxb2 25. Rf1 Rf7 26. Bd6 Qd2 27. Qd8+
Bf8 28. Bxf8 Qe3+ 29. Kh1 1-0

[Event "European Senior Teams Chess Championshi"]
[Site "Rogaska Slatina"]
[Date "2012.03.28"]
[Round "2.13"]
[White "Singer, Hans"]
[Black "Vink, Wim"]
[Result "1/2-1/2"]
[WhiteElo "2265"]
[BlackElo "1954"]
[PlyCount "62"]
[EventDate "2012.03.27"]
[WhiteTeam "AUT 1"]
[BlackTeam "NED - DIS.DIS."]

1. d4 d5 2. c4 c6 3. Nc3 Nf6 4. Nf3 e6 5. Bg5 Nbd7 6. e3 Be7 7. Qc2 b6 8. O-O-O
Bb7 9. Kb1 Rc8 10. h4 O-O 11. e4 dxe4 12. Nxe4 Nxe4 13. Qxe4 Nf6 14. Bxf6 Bxf6
15. Bd3 g6 16. h5 Qe7 17. Rhe1 c5 18. d5 Qd6 19. Qg4 exd5 20. hxg6 hxg6 21.
Bxg6 Bg7 22. Bf5 Qf6 23. Ne5 Rcd8 24. Qh5 Rfe8 25. f4 Re7 26. g4 Qh6 27. cxd5
Qxh5 28. gxh5 Rxd5 29. Rxd5 Bxd5 30. Rg1 Kh8 31. Re1 Bxe5 1/2-1/2

[Event "European Senior Teams Chess Championshi"]
[Site "Rogaska Slatina"]
[Date "2012.03.28"]
[Round "2.14"]
[White "Dogantug, Ahmet Ismail"]
[Black "Niebuhr, Gerd"]
[Result "1-0"]
[WhiteElo "2155"]
[BlackElo "2079"]
[PlyCount "45"]
[EventDate "2012.03.27"]
[WhiteTeam "TUR"]
[BlackTeam "GER - FREIBAUER"]

1. e4 e5 2. Nf3 Nc6 3. Bb5 a6 4. Ba4 Nf6 5. Qe2 b5 6. Bb3 Be7 7. O-O O-O 8. c3
d5 9. d3 Bg4 10. h3 Bh5 11. Bg5 dxe4 12. dxe4 Bxf3 13. Qxf3 Na5 14. Rd1 Nd7 15.
Bh6 Bd6 16. Qg4 Qf6 17. Bxg7 Qxg7 18. Qxd7 Kh8 19. Nd2 Nb7 20. Nf1 Nc5 21. Qf5
Rae8 22. Ng3 Rg8 23. Qxf7 1-0

[Event "European Senior Teams Chess Championshi"]
[Site "Rogaska Slatina"]
[Date "2012.03.28"]
[Round "2.14"]
[White "Hellwege, Werner"]
[Black "Pekun, Cem"]
[Result "0-1"]
[WhiteElo "2029"]
[BlackElo "2127"]
[PlyCount "92"]
[EventDate "2012.03.27"]
[WhiteTeam "GER - FREIBAUER"]
[BlackTeam "TUR"]

1. d4 c5 2. d5 d6 3. c4 g6 4. Nc3 Bg7 5. e4 Nf6 6. f4 O-O 7. Bd3 e6 8. Nf3 exd5
9. cxd5 Re8 10. O-O Nbd7 11. a4 a6 12. Qc2 Rb8 13. Nd2 Ng4 14. Nf3 Qc7 15. h3
c4 16. hxg4 cxd3 17. Qxd3 Nc5 18. Qc4 Qe7 19. e5 Bxg4 20. Be3 Rbc8 21. Ne4 Nxe4
22. Qxe4 dxe5 23. d6 Qxd6 24. fxe5 Bxf3 25. exd6 Rxe4 26. Rxf3 Rxe3 27. Rxe3
Bd4 28. Kf2 Re8 29. Rae1 Rxe3 30. Rxe3 Kf8 31. Kf3 Bxe3 32. Kxe3 Ke8 33. Ke4 f6
34. b4 Kd7 35. Kd5 h5 36. Kc5 h4 37. b5 g5 38. Kb6 axb5 39. axb5 g4 40. Kxb7 h3
41. b6 hxg2 42. Ka8 g1=Q 43. b7 Qa1+ 44. Kb8 Kxd6 45. Kc8 Qc3+ 46. Kb8 Qa5 0-1

[Event "European Senior Teams Chess Championshi"]
[Site "Rogaska Slatina"]
[Date "2012.03.28"]
[Round "2.14"]
[White "Fritsch, Juergen Dr"]
[Black "Kayaman, Metin"]
[Result "1-0"]
[WhiteElo "1979"]
[BlackElo "1938"]
[PlyCount "61"]
[EventDate "2012.03.27"]
[WhiteTeam "GER - FREIBAUER"]
[BlackTeam "TUR"]

1. d4 d5 2. Nf3 Nf6 3. Bf4 Nbd7 4. e3 e6 5. Bd3 c5 6. c3 b6 7. O-O Bb7 8. Nbd2
Be7 9. Ne5 O-O 10. Qf3 a6 11. Qh3 g6 12. Bh6 Re8 13. Ndf3 Nxe5 14. Nxe5 Bf8 15.
f4 Ne4 16. Bxf8 Rxf8 17. Rf3 Kg7 18. Bxe4 dxe4 19. Rg3 Qe7 20. Ng4 Rh8 21. Qh6+
Kg8 22. Ne5 Rd8 23. a3 Rc8 24. Rf1 Rc7 25. f5 exf5 26. Rxf5 Qf8 27. Qf4 Bd5 28.
Nxg6 hxg6 29. Qxc7 Be6 30. Rxg6+ Kh7 31. Rxe6 1-0

[Event "European Senior Teams Chess Championshi"]
[Site "Rogaska Slatina"]
[Date "2012.03.28"]
[Round "2.15"]
[White "Liebscher, Helmar"]
[Black "Fleuch, Hans-Juergen"]
[Result "1/2-1/2"]
[WhiteElo "2093"]
[BlackElo "2078"]
[PlyCount "20"]
[EventDate "2012.03.27"]
[WhiteTeam "GER - CACHSEN-ANGALT"]
[BlackTeam "GER - STIFTUNG BSW/DBAG"]

1. e4 d6 2. d4 Nf6 3. Nc3 g6 4. Bg5 Bg7 5. f4 c6 6. Nf3 O-O 7. Qd2 b5 8. Bd3 b4
9. Ne2 d5 10. e5 Ne4 1/2-1/2

[Event "European Senior Teams Chess Championshi"]
[Site "Rogaska Slatina"]
[Date "2012.03.28"]
[Round "2.15"]
[White "Mai, Hartmut"]
[Black "Kirmas, Joachim Dr"]
[Result "1/2-1/2"]
[WhiteElo "1937"]
[BlackElo "2050"]
[PlyCount "26"]
[EventDate "2012.03.27"]
[WhiteTeam "GER - STIFTUNG BSW/DBAG"]
[BlackTeam "GER - CACHSEN-ANGALT"]

1. d4 Nf6 2. Nf3 e6 3. Bf4 d5 4. e3 Bd6 5. Nbd2 O-O 6. Bd3 b6 7. Qe2 c5 8. Bxd6
Qxd6 9. c3 Bb7 10. Ne5 Nbd7 11. Ndf3 c4 12. Bc2 b5 13. O-O Ne4 1/2-1/2